00743nam a2200265 a 450000500170000000800410001704100080005804400070006610000210007324500870009426000250018130000080020665000100021465000170022465000170024165000230025865000360028166200390031770000190035670000210037570000200039670000240041670000190044070000180045920200104041533.0140305b2000 ck ||||| |||| 00| 0 spa d aspa ack aAcevedo, Luis E. aCaracterización ecológica del Santuario de Fauna y Flora de Iguaque (Boyacá) aBogotác2000bs.e. a192 aFauna aLimnología aUso del agua aManejo de recursos aConservación de biodiversidad aColombiadVilla de LeyvabBoyacá aAlba, Angelica aAtuesta, Natalia aCampo, David S. aHernández, Luz A. aRamos Carolina aReyes, Carmen